| 000 | 01133nam a2200313 4500 | ||
|---|---|---|---|
| 001 | 178176 | ||
| 003 | ES-MaACL | ||
| 005 | 20230902131306.0 | ||
| 008 | 110520s2009 sp |||| | spa d | ||
| 020 | _a978-84-9742-919-1 | ||
| 080 | _a323.17(0:82) | ||
| 080 | _a325.36(0:82) | ||
| 080 | _a821.134.2.09"18/19" | ||
| 080 | _a94(460)(0:82) | ||
| 100 | 1 |
_aBarriuso, Carlos. _9146646 |
|
| 245 | 1 | 4 |
_aLos discursos de la modernidad _b: nación, imperio y estética en el fin de siglo español (1895-1924) / _cCarlos Barriuso. |
| 260 |
_aMadrid : _bBiblioteca Nueva, _c[2009] |
||
| 300 |
_a188 p. ; _c21 cm. |
||
| 490 | 1 | _aHistoria Biblioteca Nueva | |
| 504 | _aBibliografía: p. [167]-188. | ||
| 650 | 7 |
_aNacionalismo- _xEn la literatura. _915446 |
|
| 650 | 7 |
_aImperialismo- _xEn la literatura. _9146647 |
|
| 650 | 7 |
_aGeneración del 98 (Literatura) _913051 |
|
| 651 | 7 |
_aEspaña- _xEn la literatura. _98195 |
|
| 830 | 1 |
_aHistoria Biblioteca Nueva _9180322 |
|
| 852 |
_aES-MaACL _9185035 _bR.145542 _jA-11220 _dOlim: N-4224 _cDEPO1 _xDonación: Editorial |
||
| 942 |
_2udc _cMONOGRAFIA |
||
| 999 |
_c178176 _d178176 |
||